Vintage Moquegua (Record no. 141344)
[ view plain ]
| 000 -LEADER | |
|---|---|
| fixed length control field | 02018nam a2200409 a 4500 |
| 082 04 - DEWEY DECIMAL CLASSIFICATION NUMBER | |
| Classification number | 985/.34 |
| 100 1# - MAIN ENTRY--AUTHOR NAME | |
| Personal name | Rice, Prudence M. |
| 245 10 - TITLE STATEMENT | |
| Title | Vintage Moquegua |
| 250 ## - EDITION STATEMENT | |
| Edition statement | 1st ed. |
| 260 ## - PUBLICATION, DISTRIBUTION, ETC. (IMPRINT) | |
| Place of publication | Austin : |
| Name of publisher | University of Texas Press, |
| Year of publication | c2011. |
| 300 ## - PHYSICAL DESCRIPTION | |
| Number of Pages | xix, 343 p. : |
| Other physical details | ill. |
| 490 1# - SERIES STATEMENT | |
| Series statement | Joe R. and Teresa Lozano Long series in Latin American and Latino art and culture |
| 505 0# - FORMATTED CONTENTS NOTE | |
| Formatted contents note | pt. 1. Background and deep context -- pt. 2. Actors and institutions : Moquegua on the periphery of empire -- pt. 3. Wine : the commodity -- pt. 4. Material culture : objects as actors and agents -- pt. 5. Concluding synthesis : on the frontier of a periphery of an empire. |
| 650 #0 - SUBJECT ADDED ENTRY--TOPICAL TERM | |
| Topical Term | Wine and wine making |
| Topical Term | Viticulture |
| Topical Term | Excavations (Archaeology) |
| 856 40 - ELECTRONIC LOCATION AND ACCESS | |
| Uniform Resource Identifier | http://site.ebrary.com/lib/rucke/Doc?id=10519724 |
No items available.
